| 000 | 01129nam a22003377a 4500 | ||
|---|---|---|---|
| 003 | CHAP | ||
| 005 | 20220329140615.0 | ||
| 008 | 971013s1971 nyu r 00010 eng d | ||
| 010 | _a54668 | ||
| 011 | _a55640 | ||
| 035 | _a59792 | ||
| 040 | _cCHAP | ||
| 082 | 0 | 4 |
_a001.535 _bT89 |
| 100 | 0 | 0 |
_aTsypkin, Ya Z. _9115470 |
| 245 | 1 | _aAdaptation and learning in automatic systems | |
| 260 |
_aNew York : _bAcademic Press, _c1971 |
||
| 300 | _a291 p. | ||
| 490 | 0 |
_aMathematics in science and enginering _v; 73 |
|
| 590 |
_aBATCH-UPD _b10 _c20130110 _lUCH01 _h0241 |
||
| 590 |
_aBATCH-UPD _b10 _c20130110 _lUCH01 _h1557 |
||
| 590 |
_aBATCH-UPD _b10 _c20130409 _lUCH01 _h2307 |
||
| 590 |
_aBATCH-UPD _b10 _c20130914 _lUCH01 _h0930 |
||
| 590 |
_aCONVERSION _b10 _c20130109 _lUCH01 _h1329 |
||
| 650 | 1 | 4 |
_aCibernética. _923033 |
| 650 | 1 | 4 |
_aInformación _xTeoría de la. _958078 |
| 830 | 0 |
_aMathematics in science and enginering _v; 73 _972981 |
|
| 901 | _aBK | ||
| 942 | _cLIBRO | ||
| 949 |
_a001.535 T89 _bBC _cLIBRO _d33724000225918 _eLIBRO _h35203 _i59792 _si |
||
| 949 |
_a001.535 T89 _bBC _cLIBRO _d33724000225934 _eLIBRO _fc.2 _h35204 _i59792 _si |
||
| 999 |
_c54668 _d54668 |
||